[Event "chess.com SpeedChess 2024"]
[Site "chess.com INT"]
[Date "2024.07.26"]
[Round "1.21"]
[Board "21"]
[White "Carlsen, Magnus"]
[Black "Le, Tuan Minh"]
[Result "1-0"]
[WhiteTitle "GM"]
[BlackTitle "GM"]
[WhiteElo "2832"]
[BlackElo "2568"]
[WhiteFideId "1503014"]
[BlackFideId "12401153"]
[EventDate "2024.07.25"]
[EventType "k.o."]

1. d4 d5 2. c4 c6 3. Nf3 Nf6 4. g3 g6 5. Bg2 Bg7 6. O-O O-O 7. a4 a5 8. Nc3 dxc4
9. e4 Na6 10. Qe2 Nb4 11. Qxc4 Bg4 12. Rd1 Nd7 13. h3 Bxf3 14. Bxf3 e6 15. h4
Qe7 16. Qe2 Rfd8 17. e5 h6 18. Bf4 Nb6 19. Kg2 N6d5 20. Bc1 c5 21. Nxd5 Nxd5 22.
dxc5 Qxc5 23. Ra3 Rd7 24. Bxd5 Rxd5 25. Rc3 Rxe5 26. Rxc5 Rxe2 27. Rb5 Rc8 28.
Rxb7 Rcc2 29. Rd8+ Kh7 30. Rxf7 h5 31. Rdd7 Kh8 32. Bg5 Rxb2 33. Rxg7 Rxf2+ 34.
Kg1 Rg2+ 35. Kf1 Rgf2+ 36. Ke1 Rh2 37. Rh7+ Kg8 38. Rdg7+ Kf8 39. Be7+ Ke8 40.
Rh8+ Kd7 41. Bf6+ 1-0

[Event "chess.com SpeedChess 2024"]
[Site "chess.com INT"]
[Date "2024.07.26"]
[Round "1.22"]
[Board "22"]
[White "Le, Tuan Minh"]
[Black "Carlsen, Magnus"]
[Result "0-1"]
[WhiteTitle "GM"]
[BlackTitle "GM"]
[WhiteElo "2568"]
[BlackElo "2832"]
[WhiteFideId "12401153"]
[BlackFideId "1503014"]
[EventDate "2024.07.25"]
[EventType "k.o."]

1. d4 d5 2. Nf3 Nf6 3. Bf4 Nh5 4. Be5 f6 5. Bg3 e5 6. e3 Nxg3 7. hxg3 Nc6 8. c4
Bb4+ 9. Nc3 exd4 10. Nxd4 Nxd4 11. Qxd4 dxc4 12. Qxc4 Qe7 13. Bd3 Be6 14. Qe4
O-O-O 15. Rd1 f5 16. Qh4 g6 17. Qxe7 Bxe7 18. a3 Bf6 19. Ke2 Bb3 20. Rc1 c6 21.
f3 Kb8 22. e4 Rd7 23. Bc2 Bc4+ 24. Ke1 Rhd8 25. Rd1 Be5 26. f4 Bxc3+ 27. bxc3
fxe4 28. Rxh7 Rxd1+ 29. Bxd1 Rd3 30. g4 Re3+ 31. Kf2 Rxc3 32. Re7 Bd5 33. f5 g5
34. f6 e3+ 35. Rxe3 Rxe3 36. Kxe3 Kc7 37. Bf3 Kd6 0-1

[Event "chess.com SpeedChess 2024"]
[Site "chess.com INT"]
[Date "2024.07.26"]
[Round "1.23"]
[Board "23"]
[White "Carlsen, Magnus"]
[Black "Le, Tuan Minh"]
[Result "1-0"]
[WhiteTitle "GM"]
[BlackTitle "GM"]
[WhiteElo "2832"]
[BlackElo "2568"]
[WhiteFideId "1503014"]
[BlackFideId "12401153"]
[EventDate "2024.07.25"]
[EventType "k.o."]

1. e4 d5 2. exd5 Qxd5 3. Nc3 Qd8 4. d4 c6 5. Nf3 Bf5 6. Nh4 Bg6 7. Nxg6 hxg6 8.
g3 e6 9. Bg2 Nf6 10. O-O Be7 11. Ne2 O-O 12. c4 a5 13. Qb3 Qd7 14. Be3 a4 15.
Qc2 a3 16. Rab1 Qc8 17. Qb3 axb2 18. Rxb2 Nbd7 19. Qxb7 Qxb7 20. Rxb7 Rxa2 21.
Nc1 Ra6 22. Nd3 Rc8 23. Ne5 1-0

[Event "chess.com SpeedChess 2024"]
[Site "chess.com INT"]
[Date "2024.07.26"]
[Round "1.24"]
[Board "24"]
[White "Le, Tuan Minh"]
[Black "Carlsen, Magnus"]
[Result "0-1"]
[WhiteTitle "GM"]
[BlackTitle "GM"]
[WhiteElo "2568"]
[BlackElo "2832"]
[WhiteFideId "12401153"]
[BlackFideId "1503014"]
[EventDate "2024.07.25"]
[EventType "k.o."]

1. d4 Nf6 2. Nf3 d6 3. h3 c5 4. dxc5 Qa5+ 5. Nc3 Qxc5 6. e4 a6 7. Bd3 g6 8. O-O
Bg7 9. Be3 Qa5 10. Qd2 Nc6 11. Bh6 O-O 12. Rfe1 Be6 13. a3 Rac8 14. Rad1 Ne5 15.
Bxg7 Nxf3+ 16. gxf3 Kxg7 17. Bf1 Qh5 18. Qf4 Bxh3 19. e5 dxe5 20. Rxe5 Bf5 21.
Ne4 Nxe4 22. fxe4 Qxd1 23. exf5 Qd6 24. Qe3 Rxc2 25. Rxe7 Rxb2 0-1

[Event "chess.com SpeedChess 2024"]
[Site "chess.com INT"]
[Date "2024.07.26"]
[Round "1.1"]
[White "Nepomniachtchi, Ian"]
[Black "Abdusattorov, Nodirbek"]
[Result "0-1"]
[WhiteTitle "GM"]
[BlackTitle "GM"]
[WhiteElo "2770"]
[BlackElo "2769"]
[WhiteFideId "4168119"]
[BlackFideId "14204118"]
[EventDate "2024.07.25"]
[EventType "k.o."]

1. e4 e6 2. d4 d5 3. e5 c5 4. c3 Nc6 5. Nf3 Bd7 6. Be2 Nge7 7. O-O Nf5 8. Bd3
cxd4 9. Bxf5 exf5 10. cxd4 Be7 11. Nc3 Be6 12. Ne2 O-O 13. Nf4 Rc8 14. g3 Qb6
15. h4 h6 16. b3 Nb4 17. Kg2 Rc7 18. Bd2 Rfc8 19. Bxb4 Bxb4 20. a3 Be7 21. b4 a5
22. Rb1 axb4 23. axb4 Qb5 24. Rb2 b6 25. Qd2 Rc4 26. Rfb1 Ra8 27. Ra2 Rac8 28.
Rab2 Bf8 29. h5 Be7 30. Qd3 Qa4 31. Qd2 Qb5 32. Qe2 Qd7 33. b5 Bg5 34. Nxe6 fxe6
35. Ra1 Qf7 36. Rh1 Be7 37. Ra2 Bb4 38. Qe3 Rc3 39. Qf4 Qe8 40. Rb2 Be7 41. Qd2
Ra3 42. Rc2 Rc4 43. Rb1 Qxh5 44. Ng1 Bg5 45. f4 Qg4 46. Ne2 Bh4 47. Rxc4 dxc4
48. Qe1 Re3 0-1

[Event "chess.com SpeedChess 2024"]
[Site "chess.com INT"]
[Date "2024.07.26"]
[Round "1.2"]
[Board "2"]
[White "Abdusattorov, Nodirbek"]
[Black "Nepomniachtchi, Ian"]
[Result "1-0"]
[WhiteTitle "GM"]
[BlackTitle "GM"]
[WhiteElo "2769"]
[BlackElo "2770"]
[WhiteFideId "14204118"]
[BlackFideId "4168119"]
[EventDate "2024.07.25"]
[EventType "k.o."]

1. e4 c5 2. Nf3 d6 3. d4 cxd4 4. Nxd4 Nf6 5. Nc3 a6 6. Be3 e5 7. Nf3 Be7 8. Bc4
Be6 9. Bb3 O-O 10. O-O Qc8 11. Qe2 b5 12. Rfd1 Nbd7 13. Rac1 h6 14. Nd5 Nxd5 15.
Bxd5 Bxd5 16. Rxd5 Nf6 17. Rdd1 Qb7 18. Nd2 Rac8 19. Qd3 Rfd8 20. c3 d5 21. exd5
Rxd5 22. Qe2 Rcd8 23. c4 bxc4 24. Nxc4 e4 25. b3 Rd3 26. Ne5 Rxd1+ 27. Rxd1
Rxd1+ 28. Qxd1 Qd5 29. Qxd5 Nxd5 30. Nc6 Bd6 31. Bd2 f5 32. b4 Kf7 33. a4 h5 34.
b5 axb5 35. axb5 g6 36. g3 Ke6 37. Kf1 Bc5 38. Ba5 g5 39. Ke2 f4 40. gxf4 gxf4
41. f3 e3 42. Kd3 Bb6 43. Bxb6 Nxb6 44. Ke4 Kd6 45. Nd4 Nd5 46. Ne2 Kc5 47. h4
Kc4 48. b6 Nxb6 49. Nxf4 Nd7 50. Kxe3 Nf6 51. Ne2 Ne8 52. Ng3 Ng7 53. Ke4 1-0

[Event "chess.com SpeedChess 2024"]
[Site "chess.com INT"]
[Date "2024.07.26"]
[Round "1.3"]
[Board "3"]
[White "Nepomniachtchi, Ian"]
[Black "Abdusattorov, Nodirbek"]
[Result "0-1"]
[WhiteTitle "GM"]
[BlackTitle "GM"]
[WhiteElo "2770"]
[BlackElo "2769"]
[WhiteFideId "4168119"]
[BlackFideId "14204118"]
[EventDate "2024.07.25"]
[EventType "k.o."]

1. e4 e6 2. d4 d5 3. Nc3 dxe4 4. Nxe4 Nd7 5. Nf3 Ngf6 6. Nxf6+ Nxf6 7. Ne5 a6 8.
Be3 Bd6 9. Nc4 Bd7 10. Nxd6+ cxd6 11. Be2 Qb6 12. Bc1 Bb5 13. c3 Bxe2 14. Qxe2
O-O 15. O-O Qc6 16. Bg5 Ne4 17. Bf4 b5 18. h4 Nf6 19. Bg5 Nd5 20. h5 h6 21. Bd2
Nf6 22. Bf4 Rfe8 23. Rfe1 Qd5 24. a4 b4 25. a5 bxc3 26. bxc3 Rec8 27. Ra3 Rc4
28. Rb1 Nxh5 29. Bh2 Rac8 30. Qd3 Nf6 31. Rb6 Rxd4 32. cxd4 Rc1+ 33. Qf1 Rxf1+
34. Kxf1 Qc4+ 0-1

[Event "chess.com SpeedChess 2024"]
[Site "chess.com INT"]
[Date "2024.07.26"]
[Round "1.4"]
[Board "4"]
[White "Abdusattorov, Nodirbek"]
[Black "Nepomniachtchi, Ian"]
[Result "1-0"]
[WhiteTitle "GM"]
[BlackTitle "GM"]
[WhiteElo "2769"]
[BlackElo "2770"]
[WhiteFideId "14204118"]
[BlackFideId "4168119"]
[EventDate "2024.07.25"]
[EventType "k.o."]

1. a3 e5 2. e3 d5 3. d4 Bd6 4. dxe5 Bxe5 5. Nf3 Bf6 6. Bd3 Ne7 7. O-O O-O 8.
Nbd2 Nbc6 9. e4 Bg4 10. h3 Bh5 11. Re1 Bd4 12. c3 Bb6 13. Qc2 Bg6 14. b4 a6 15.
exd5 Bxd3 16. Qxd3 Qxd5 17. Qxd5 Nxd5 18. c4 Nf4 19. c5 Ba7 20. Nc4 Nd3 21. Rd1
Nxc1 22. Raxc1 Rad8 23. Nce5 Nb8 24. Nc4 Nc6 25. Ne3 f6 26. Nd5 Bb8 27. Kf1 Kf7
28. Ne3 Rxd1+ 29. Rxd1 Rd8 30. Rxd8 Nxd8 31. Nc4 c6 32. Ke2 Bc7 33. Nfd2 Ke6 34.
Kd3 Nf7 35. Nb3 Ne5+ 36. Nxe5 Kxe5 37. Kc4 f5 38. a4 g5 39. Kd3 h5 40. Nd2 g4
41. Nc4+ Kd5 42. Ne3+ Ke6 43. a5 Bf4 44. Nc4 Bb8 45. hxg4 hxg4 46. f3 gxf3 47.
gxf3 Bg3 48. Ne3 Bf2 49. Ke2 Bh4 50. Nc4 Bg3 51. Ne3 Be5 52. Kd3 Bf4 53. Nc4 Bg3
54. Ne3 Be1 55. Nc2 Bf2 56. Ke2 Bg1 57. Ne3 Bh2 58. Kd3 Bg3 59. Ke2 Bf4 60. Kd3
Bg5 61. Nc4 Be7 62. Ke3 Kd5 63. Kd3 Ke6 64. Ke3 Bf8 65. Kd3 Kd5 66. Ne3+ Ke5 67.
Nc4+ Ke6 68. Ne3 Bh6 69. Nc4 Bf4 70. Ke2 Kd5 71. Kd3 Bc7 72. Ne3+ Ke5 73. Nc4+
Kf4 74. Ke2 Kg5 75. Nd6 Bxd6 76. cxd6 Kf6 77. Ke3 Ke6 78. Kf4 Kxd6 79. Kxf5 c5
80. Ke4 cxb4 81. Kd4 1-0

[Event "chess.com SpeedChess 2024"]
[Site "chess.com INT"]
[Date "2024.07.26"]
[Round "1.5"]
[Board "5"]
[White "Nepomniachtchi, Ian"]
[Black "Abdusattorov, Nodirbek"]
[Result "1-0"]
[WhiteTitle "GM"]
[BlackTitle "GM"]
[WhiteElo "2770"]
[BlackElo "2769"]
[WhiteFideId "4168119"]
[BlackFideId "14204118"]
[EventDate "2024.07.25"]
[EventType "k.o."]

1. c4 b6 2. e4 Bb7 3. Nc3 e6 4. Bd3 c5 5. Nf3 Nc6 6. O-O Nf6 7. Bc2 Ng4 8. h3 h5
9. d4 Nxd4 10. Nxd4 cxd4 11. Qxd4 Qh4 12. Nb5 Bc5 13. Qd2 Rc8 14. b4 Be7 15. Rd1
Bc6 16. Nd4 Ne5 17. Nxc6 dxc6 18. Bb2 Rd8 19. Qe2 Qf6 20. Ba4 O-O 21. Bxc6 Bxb4
22. g3 Bc5 23. Bb5 Qf3 24. Qxf3 Nxf3+ 25. Kg2 Nd4 26. a4 a5 27. Bc3 e5 28. f4 f6
29. Ba6 Rd7 30. Ra2 Rfd8 31. Rad2 g6 32. Bb5 Rd6 33. Rd3 Kg7 34. Ba6 h4 35. Bb7
hxg3 36. fxe5 fxe5 37. Bd5 1-0

[Event "chess.com SpeedChess 2024"]
[Site "chess.com INT"]
[Date "2024.07.26"]
[Round "1.6"]
[Board "6"]
[White "Abdusattorov, Nodirbek"]
[Black "Nepomniachtchi, Ian"]
[Result "1/2-1/2"]
[WhiteTitle "GM"]
[BlackTitle "GM"]
[WhiteElo "2769"]
[BlackElo "2770"]
[WhiteFideId "14204118"]
[BlackFideId "4168119"]
[EventDate "2024.07.25"]
[EventType "k.o."]

1. a3 g6 2. e4 Bg7 3. d4 d6 4. Nf3 Nf6 5. Bd3 c5 6. O-O cxd4 7. Nxd4 O-O 8. c4
Nc6 9. Nxc6 bxc6 10. Nc3 a5 11. Rb1 Nd7 12. Na4 c5 13. f4 Bb7 14. Be3 Nb8 15.
Nc3 Nc6 16. Nb5 Nd4 17. a4 f5 18. Bxd4 cxd4 19. Qe2 e5 20. c5 fxe4 21. Bxe4 Bxe4
22. Qxe4 d5 23. Qc2 e4 24. c6 Rc8 25. Rbc1 d3 26. Qb3 Kh8 27. c7 Qd7 28. Rc5 d4
29. Rd1 Qg4 30. f5 Qf4 31. Rf1 Qe3+ 32. Kh1 Qe2 33. Rg1 d2 34. Nd6 Qe3 35. Qd1
d3 36. Rc4 gxf5 37. Nxc8 Rxc8 38. Qh5 Bd4 39. Rf1 Qe2 40. Qxf5 Rg8 41. g3 d1=Q
42. Rxd1 Qxd1+ 43. Kg2 Qd2+ 44. Kh3 Qh6+ 45. Kg2 Qd2+ 46. Kh3 Qh6+ 47. Kg2 Qd2+ 1/2-1/2

[Event "chess.com SpeedChess 2024"]
[Site "chess.com INT"]
[Date "2024.07.26"]
[Round "1.7"]
[Board "7"]
[White "Nepomniachtchi, Ian"]
[Black "Abdusattorov, Nodirbek"]
[Result "1/2-1/2"]
[WhiteTitle "GM"]
[BlackTitle "GM"]
[WhiteElo "2770"]
[BlackElo "2769"]
[WhiteFideId "4168119"]
[BlackFideId "14204118"]
[EventDate "2024.07.25"]
[EventType "k.o."]

1. g3 d5 2. d4 Nf6 3. Nf3 Bf5 4. Bg2 e6 5. O-O Nbd7 6. c4 c6 7. Nc3 h6 8. b3 Be7
9. Bb2 O-O 10. Nd2 Qa5 11. e4 dxe4 12. Ndxe4 Nxe4 13. Nxe4 Rad8 14. Qe2 Bxe4 15.
Bxe4 Nf6 16. Bf3 Ba3 17. Rad1 Bxb2 18. Qxb2 Rd6 19. b4 Qc7 20. c5 Rd7 21. a4
Rfd8 22. b5 Nd5 23. Kg2 Ne7 24. Rd2 Qa5 25. Ra1 e5 26. Rad1 Nd5 27. Bg4 Re7 28.
dxe5 Qxa4 29. Bf3 Red7 30. bxc6 bxc6 31. Bxd5 Rxd5 32. Rxd5 cxd5 33. Qd4 Qc6 34.
Ra1 Rc8 35. Rxa7 Qxc5 36. Qxc5 Rxc5 37. Rd7 g5 38. h3 d4 39. f4 Rc2+ 40. Kf3 Rd2
41. Kg4 gxf4 42. gxf4 Rd3 43. h4 Rd1 44. Kf5 Rf1 45. Rxd4 Kg7 46. Rd7 Re1 47. h5
Re2 48. Rd3 Rg2 49. Rd1 Rg3 50. Rd7 Re3 51. Re7 Rh3 52. e6 Rxh5+ 53. Kg4 Kf6 54.
Ra7 Rc5 55. exf7 Kg7 56. f5 Rc6 57. Kf4 Rf6 58. Ra1 Kxf7 59. Rg1 Ra6 60. Kg4
Ra4+ 61. Kh5 Kf6 62. Rf1 Ra5 63. Kxh6 Rxf5 64. Rxf5+ Kxf5 1/2-1/2

[Event "chess.com SpeedChess 2024"]
[Site "chess.com INT"]
[Date "2024.07.26"]
[Round "1.8"]
[Board "8"]
[White "Abdusattorov, Nodirbek"]
[Black "Nepomniachtchi, Ian"]
[Result "1/2-1/2"]
[WhiteTitle "GM"]
[BlackTitle "GM"]
[WhiteElo "2769"]
[BlackElo "2770"]
[WhiteFideId "14204118"]
[BlackFideId "4168119"]
[EventDate "2024.07.25"]
[EventType "k.o."]

1. e4 c5 2. Nf3 d6 3. d4 cxd4 4. Nxd4 Nf6 5. Nc3 a6 6. Be3 e5 7. Nf3 Be7 8. Bc4
Be6 9. Bb3 O-O 10. O-O Qc8 11. Nd5 Nxd5 12. Bxd5 Bxd5 13. Qxd5 Nd7 14. c4 Nf6
15. Qd3 b5 16. Nd2 Qb7 17. f3 Rfc8 18. b3 Rc6 19. Rfd1 Bd8 20. Kh1 Ba5 21. cxb5
axb5 22. a4 bxa4 23. Nc4 Bc7 24. bxa4 Rca6 25. a5 h6 26. Nb6 Bxb6 27. Bxb6 Nd7
28. Be3 Rxa5 29. Rxa5 Rxa5 30. Qxd6 Nf8 31. Qd8 Ra8 32. Qd6 Qb2 33. h3 Ne6 34.
Qd2 Qb3 35. Qd3 Qa4 36. Rc1 Rd8 37. Qc3 Qb5 38. Kh2 Kh7 39. Qc4 Qb8 40. Rc2 Rd7
41. Qc8 Qxc8 42. Rxc8 Rd3 43. Bc1 Rb3 44. Rc2 Nd4 45. Rf2 f6 46. Bb2 Ne6 47. Bc1
h5 48. h4 Kg6 49. Kg3 Nc5 50. Kh2 Nd3 51. Rc2 Ne1 52. Re2 Nd3 53. Be3 Rc3 54.
Rd2 Nb4 55. Re2 Nc2 56. Bf2 Na3 57. Ra2 Nc4 58. Ra7 Nd2 59. Be1 Rc2 60. Bxd2
Rxd2 61. Kh3 Rc2 62. Kg3 Rd2 63. Ra6 Rc2 64. Ra3 Rd2 65. Rb3 Rc2 66. Rd3 Rb2 67.
Rd5 Rc2 68. Rd1 Rb2 69. Re1 Rc2 70. Rh1 Rb2 71. Rg1 Rc2 72. Rf1 Rb2 73. Re1 Rc2
74. Rd1 Rb2 75. Rc1 Ra2 76. Rb1 Rc2 77. Ra1 Rd2 78. Ra3 Rc2 79. Ra4 Rd2 80. Ra5
Rc2 81. Ra6 Rd2 82. Ra7 Rd6 83. Ra8 Rd2 84. Rb8 Rc2 85. Rd8 Rb2 86. Re8 Rc2 87.
Rb8 Rd2 88. Kh3 Rc2 89. Rb5 Rd2 90. Rc5 Re2 91. Rc3 Rd2 92. Re3 Rc2 93. Re1 Rd2
94. Rh1 Rc2 95. Rg1 Rd2 96. Rf1 Rc2 97. Re1 Rd2 98. Rc1 Re2 99. Rb1 Rd2 100. Ra1
Rc2 101. Ra3 Rb2 102. Ra4 Rc2 103. Ra5 Rc1 104. Rd5 Rh1+ 105. Kg3 Rc1 106. Kh2
Rc2 107. Rd3 Rb2 108. Kh3 Rc2 109. g3 Rb2 110. Re3 Rf2 111. Rc3 Kf7 112. Rb3 Kg6
113. Rc3 Kf7 114. Ra3 Kg6 115. Re3 Kh6 116. Rc3 Kg6 117. Re3 Kh6 118. g4 hxg4+
119. fxg4 Rf4 120. Kg3 g6 121. Re1 Kg7 122. Re2 Kf7 123. Re3 Kg7 124. Re1 Kh6
125. Re3 Kg7 126. Kh3 Kf7 127. Kg3 Kg7 1/2-1/2

[Event "chess.com SpeedChess 2024"]
[Site "chess.com INT"]
[Date "2024.07.26"]
[Round "1.9"]
[Board "9"]
[White "Nepomniachtchi, Ian"]
[Black "Abdusattorov, Nodirbek"]
[Result "1-0"]
[WhiteTitle "GM"]
[BlackTitle "GM"]
[WhiteElo "2770"]
[BlackElo "2769"]
[WhiteFideId "4168119"]
[BlackFideId "14204118"]
[EventDate "2024.07.25"]
[EventType "k.o."]

1. e4 e6 2. d4 d5 3. e5 c5 4. c3 Nc6 5. Nf3 Bd7 6. Be2 Nge7 7. O-O Nf5 8. dxc5
Bxc5 9. b4 Bb6 10. Bd3 O-O 11. a4 a6 12. Nbd2 Nh4 13. Nxh4 Qxh4 14. Nf3 Qh5 15.
Bf4 f6 16. exf6 Rxf6 17. Bg3 Raf8 18. b5 axb5 19. axb5 Na5 20. Ra4 h6 21. Rh4
Qe8 22. Be5 Rxf3 23. gxf3 Bd8 24. Rg4 Bf6 25. Re1 Bxb5 26. Bb1 Nc4 27. Bxf6 Rxf6
28. Qc2 Qf7 29. Qh7+ Kf8 30. Qh8+ Qg8 31. Qxg8+ Kxg8 32. Rg6 Kf7 33. Rxf6+ Kxf6
34. Bd3 Nd6 35. Bxb5 Nxb5 36. Rc1 Nd6 37. Rb1 b5 38. Kf1 g5 39. Ke2 h5 40. Ra1
Ke5 41. Ra8 Kf6 42. Rb8 h4 43. Rb6 Ke7 44. Kd3 e5 45. Ra6 Kd7 46. Ra7+ Ke6 47.
Ra8 e4+ 48. fxe4 Nxe4 49. f3 Nc5+ 50. Kd4 Nb3+ 51. Ke3 Nc5 52. Rb8 Kd6 53. Rxb5
Ne6 54. Ra5 Kc6 55. Ra6+ Kd7 56. Ra8 Kd6 57. Ra7 Ke5 58. Re7 Kd6 59. Rf7 Ke5 60.
Kf2 Nf4 61. Rf8 Ne6 62. Ra8 Nf4 63. Ra5 Kd6 64. Ke3 Ne6 65. Ra4 Ke5 66. Rg4 Kf5
67. c4 dxc4 68. Rxc4 Ke5 69. Ra4 Nc7 70. Ra5+ Kf6 71. Ke4 Kg6 72. Rc5 Ne8 73.
Rc6+ Kh5 74. Kf5 h3 75. Ke6 g4 76. fxg4+ Kxg4 77. Kf7 Kf3 78. Kxe8 Kg2 79. Rc2+ 1-0

[Event "chess.com SpeedChess 2024"]
[Site "chess.com INT"]
[Date "2024.07.26"]
[Round "1.10"]
[Board "10"]
[White "Abdusattorov, Nodirbek"]
[Black "Nepomniachtchi, Ian"]
[Result "1-0"]
[WhiteTitle "GM"]
[BlackTitle "GM"]
[WhiteElo "2769"]
[BlackElo "2770"]
[WhiteFideId "14204118"]
[BlackFideId "4168119"]
[EventDate "2024.07.25"]
[EventType "k.o."]

1. e4 c5 2. Nf3 d6 3. d4 cxd4 4. Nxd4 Nf6 5. Nc3 a6 6. f3 e5 7. Nb3 Be6 8. f4
Qc7 9. f5 Bc4 10. Bg5 Nbd7 11. Bxc4 Qxc4 12. Qd3 Qxd3 13. cxd3 Be7 14. Ke2 O-O-O
15. Nd2 h6 16. Bxf6 Nxf6 17. Nd5 Nxd5 18. exd5 Kd7 19. Ne4 Rc8 20. Rac1 Rxc1 21.
Rxc1 Rc8 22. Rc4 h5 23. a4 Rh8 24. Kf3 h4 25. Rb4 Kc7 26. Rc4+ Kd7 27. Kg4 Rh6
28. Rb4 Kc7 29. Rc4+ Kd7 30. b4 Bd8 31. Rc1 Rh8 32. Rf1 Be7 33. Rc1 Bd8 34. b5
a5 35. Nd2 g6 36. Rf1 Rg8 37. Kh3 gxf5 38. Rxf5 Ke7 39. Nc4 b6 40. Rf1 Rg6 41.
Ne3 Ke8 42. Nf5 Kd7 43. Ne3 Ke8 44. Rf5 Bg5 45. Nc4 Bd8 46. Nd2 Be7 47. Ne4 Rh6
48. Rf1 Rg6 49. Rf5 Rh6 50. Kg4 Rg6+ 51. Kf3 Rh6 52. Nd2 Bd8 53. Nc4 Ke7 54. Nd2
Ke8 55. Ne4 Be7 56. Ke2 Rg6 57. Kf1 Bd8 58. Rf2 Be7 59. Nd2 Rh6 60. Nc4 Bd8 61.
Ne3 Bg5 62. Nf5 Rg6 63. g4 hxg3 64. hxg3 Be7 65. Kg2 Rg4 66. Rc2 Kd7 67. Rc6
Rxa4 68. Rxb6 Rb4 69. Rb7+ Kd8 70. Rxe7 Rxb5 71. Rxf7 Rxd5 72. Ra7 Rxd3 73. g4
e4 74. g5 Rd5 75. Rf7 e3 76. g6 e2 77. Kf2 Re5 78. Ke1 1-0

[Event "chess.com SpeedChess 2024"]
[Site "chess.com INT"]
[Date "2024.07.26"]
[Round "1.11"]
[Board "11"]
[White "Nepomniachtchi, Ian"]
[Black "Abdusattorov, Nodirbek"]
[Result "1/2-1/2"]
[WhiteTitle "GM"]
[BlackTitle "GM"]
[WhiteElo "2770"]
[BlackElo "2769"]
[WhiteFideId "4168119"]
[BlackFideId "14204118"]
[EventDate "2024.07.25"]
[EventType "k.o."]

1. e4 e6 2. d4 d5 3. exd5 exd5 4. Nf3 Bd6 5. c4 Nf6 6. c5 Be7 7. Nc3 O-O 8. Be2
Nc6 9. O-O Ne4 10. Bf4 a6 11. Qb3 Na5 12. Qc2 Bf5 13. Bd3 Nc6 14. a3 Bf6 15.
Rad1 Bg4 16. Nxe4 Bxf3 17. gxf3 dxe4 18. Bxe4 Nxd4 19. Qc4 Qd7 20. Rd2 Rad8 21.
Rfd1 Rfe8 22. Kh1 Qh3 23. Bg3 c6 24. b4 h5 25. Qf1 Qxf1+ 26. Rxf1 Nb5 27. Rfd1
Nxa3 28. Bc7 Rxd2 29. Rxd2 Nb5 30. Rd7 Nc3 31. Bd3 Nd5 32. Bd6 Nxb4 33. Be4 a5
34. Rxb7 g6 35. Ra7 Bd4 36. Kg2 Be5 37. Rxa5 Bxd6 38. cxd6 Rd8 39. Ra4 c5 40.
Ra5 f5 41. Bb1 Rxd6 42. Rxc5 Kg7 43. Rc4 Nd5 44. Rd4 Rd7 45. Ba2 Nf6 46. Rxd7+
Nxd7 47. f4 Kf6 48. Kf3 Ke7 49. h4 Nc5 50. Ke3 Ne4 51. Bb3 Nc5 52. Ba2 Nd7 53.
Bb3 Nf6 54. f3 Ne8 55. Kd4 Nd6 56. Ke5 Nb5 57. Ba4 Nc7 58. Bb3 Ne8 59. Be6 Nd6
60. Bd5 Nb5 61. Bc4 Nc7 62. Bb3 Ne8 63. Bc4 Nf6 64. Be6 Ne8 65. Bc4 Nd6 66. Bd5
Nc8 67. Be6 Nb6 68. Bb3 Nd7+ 69. Kd5 Nf6+ 70. Ke5 Nd7+ 71. Kd5 Nb6+ 72. Ke5 Nc8
73. Be6 Na7 74. Bd5 Nb5 75. Bc4 Nd6 76. Be6 Ne8 77. Bc4 1/2-1/2

[Event "chess.com SpeedChess 2024"]
[Site "chess.com INT"]
[Date "2024.07.26"]
[Round "1.12"]
[Board "12"]
[White "Abdusattorov, Nodirbek"]
[Black "Nepomniachtchi, Ian"]
[Result "0-1"]
[WhiteTitle "GM"]
[BlackTitle "GM"]
[WhiteElo "2769"]
[BlackElo "2770"]
[WhiteFideId "14204118"]
[BlackFideId "4168119"]
[EventDate "2024.07.25"]
[EventType "k.o."]

1. e4 c5 2. Nf3 e6 3. d4 cxd4 4. Nxd4 Nc6 5. Bf4 a6 6. Nxc6 bxc6 7. Bd3 d5 8.
Nd2 Ne7 9. O-O Ng6 10. Bg3 Bd6 11. Nf3 Bxg3 12. hxg3 Qc7 13. c4 d4 14. Nxd4 O-O
15. Nf3 c5 16. Qd2 Bb7 17. Qc3 Rad8 18. Rad1 Rd7 19. Bc2 Rfd8 20. Rxd7 Rxd7 21.
Re1 h6 22. a3 a5 23. e5 Ne7 24. Rd1 Rxd1+ 25. Bxd1 Bxf3 26. gxf3 Nc6 27. f4 Qb6
28. Qb3 Qd8 29. Bf3 Nd4 30. Qb7 g6 31. Kg2 Kg7 32. Bd1 h5 33. Ba4 h4 34. g4 Ne2
35. Qe4 Qd2 36. f5 Nf4+ 37. Kf3 g5 38. fxe6 Nxe6 39. Qe3 Qxb2 40. Bd7 Nf4 41.
Bc6 Qa1 42. Ke4 Qb1+ 0-1

[Event "chess.com SpeedChess 2024"]
[Site "chess.com INT"]
[Date "2024.07.26"]
[Round "1.13"]
[Board "13"]
[White "Nepomniachtchi, Ian"]
[Black "Abdusattorov, Nodirbek"]
[Result "1-0"]
[WhiteTitle "GM"]
[BlackTitle "GM"]
[WhiteElo "2770"]
[BlackElo "2769"]
[WhiteFideId "4168119"]
[BlackFideId "14204118"]
[EventDate "2024.07.25"]
[EventType "k.o."]

1. c4 b6 2. Nc3 Bb7 3. d4 e6 4. a3 Nf6 5. Nf3 d5 6. cxd5 Nxd5 7. e3 Be7 8. Bd3
O-O 9. O-O c5 10. e4 Nxc3 11. bxc3 Nd7 12. Re1 Rc8 13. h3 Qc7 14. Ra2 Rfd8 15.
d5 c4 16. Bb1 Nc5 17. Nd4 exd5 18. e5 Nd3 19. Bxd3 cxd3 20. e6 Bf6 21. exf7+
Qxf7 22. Qxd3 Re8 23. Rae2 Re4 24. f3 Rxc3 25. Qxc3 Bxd4+ 26. Qxd4 Rxd4 27. Re8+
Qxe8 28. Rxe8+ Kf7 29. Rb8 Bc6 30. Kf2 Rc4 31. Bd2 d4 32. Rd8 Bb5 33. h4 Ra4 34.
Rd5 a6 35. Bb4 d3 36. Ke3 Bc4 37. Rd4 Bb5 38. Rd5 g6 39. h5 Bc4 40. Rd7+ Ke6 41.
Rd6+ Ke5 42. Rxb6 gxh5 43. Rh6 a5 44. Rxh5+ Ke6 45. Rh6+ Kf5 46. Bd2 Bg8 47. g4+
Ke5 48. Bc1 Kd5 49. Rb6 Rc4 50. Bd2 Bf7 51. Bxa5 Bg6 52. Bd2 Rc2 53. a4 Ra2 54.
a5 Kc5 55. Rf6 Kb5 56. f4 Ra4 57. f5 Be8 58. Re6 Bc6 59. Re5+ Ka6 60. g5 Rg4 61.
f6 Rg3+ 62. Kd4 Rf3 63. Re7 Kb5 64. Rxh7 Rf2 65. Kxd3 Rf3+ 66. Be3 Rf5 67. Re7
Rd5+ 68. Ke2 1-0

[Event "chess.com SpeedChess 2024"]
[Site "chess.com INT"]
[Date "2024.07.26"]
[Round "1.14"]
[Board "14"]
[White "Abdusattorov, Nodirbek"]
[Black "Nepomniachtchi, Ian"]
[Result "1-0"]
[WhiteTitle "GM"]
[BlackTitle "GM"]
[WhiteElo "2769"]
[BlackElo "2770"]
[WhiteFideId "14204118"]
[BlackFideId "4168119"]
[EventDate "2024.07.25"]
[EventType "k.o."]

1. e4 c5 2. Nf3 e6 3. d4 cxd4 4. Nxd4 Nc6 5. Bf4 a6 6. Nxc6 bxc6 7. Bd3 Nf6 8.
O-O d5 9. Nd2 Be7 10. e5 Nd7 11. Re1 a5 12. Qg4 Kf8 13. Nf3 Ba6 14. Rad1 Qb6 15.
b3 a4 16. Ng5 Bxg5 17. Bxg5 h6 18. Bh4 axb3 19. axb3 Nc5 20. Bxa6 Rxa6 21. h3
Ra2 22. Re2 g5 23. Bg3 Ne4 24. Rxe4 dxe4 25. Qxe4 Ra8 26. Rd6 Rd8 27. Rxc6 Qb7
28. Qc4 Rd7 29. Qc3 Kg7 30. Qf3 Rc8 31. Qf6+ Kh7 32. Rd6 Rxc2 33. Kh2 Rd2 34. h4
R2xd6 35. exd6 Qe4 36. hxg5 Qg6 37. Qc3 Qh5+ 38. Kg1 Qxg5 39. Qc6 Qd8 40. Qe4+
Kg7 41. Be5+ f6 42. Bg3 e5 43. Qg4+ Kf7 44. Qh5+ Ke6 45. Qh3+ Kxd6 46. Qxh6 Ke6
47. Qh3+ Ke7 48. Qh7+ Ke6 49. Qh3+ Kd6 50. Qf5 Kc7 51. Bh4 Rd6 52. Kh2 Rc6 53.
Qh7+ Qd7 54. Qh8 Qd6 55. Bg3 Qd5 56. Qg7+ Kb6 57. Qh8 Kb7 58. Qg7+ Kb6 59. Qh8
Qd6 60. f3 Kb7 61. Qh7+ Qc7 62. Qf5 Rb6 63. Qe4+ Qc6 64. Qh7+ Ka6 65. Qd3+ Qb5
66. Qe4 Qxb3 67. Qa8+ Kb5 68. Bf2 Re6 69. Qb7+ Ka4 70. Qd7+ 1-0